Southville International School and Colleges
Your cart is empty.
  • Cart
  • Lists
    Public lists Eva Luna New books Lux_list list_1
    Your lists Log in to create your own lists
  • Log in to your account
  • Your cookies
  • Search history
Southville International School and Colleges
  • Advanced search
  • Recent comments
  • Most popular
  • Libraries

Log in to your account

Log in with GOOGLE


If you do not have an external account, but do have a local account, you can still log in:

  1. Home
  2. MARC view: Operation birdwatch :
Normal view MARC view ISBD view

Operation birdwatch : (Record no. 114480)

[ view plain ]
MARC details
000 -LEADER
fixed length control field 00582nam a2200181 a 4500
005 - DATE AND TIME OF LATEST TRANSACTION
control field 20140414132102.0
008 - FIXED-LENGTH DATA ELEMENTS--GENERAL INFORMATION
fixed length control field 100702s19uu xx 00 eng d
020 ## - INTERNATIONAL STANDARD BOOK NUMBER
International Standard Book Number 1-86371-106-6
050 ## - LIBRARY OF CONGRESS CALL NUMBER
Classification number M 598.07
Item number L94 1992
100 ## - MAIN ENTRY--PERSONAL NAME
Personal name Loves, June
245 ## - TITLE STATEMENT
Title Operation birdwatch :
Remainder of title How to observe and keep records of birds.
260 ## - PUBLICATION, DISTRIBUTION, ETC. (IMPRINT)
Place of publication, distribution, etc Australia :
Name of publisher, distributor, etc Collins Dove,
Date of publication, distribution, etc 1992.
440 ## - SERIES STATEMENT/ADDED ENTRY--TITLE
Title Social themes and language K-&. Strand 4. Environment
500 ## - GENERAL NOTE
General note Includes index.
650 ## - SUBJECT ADDED ENTRY--TOPICAL TERM
Topical term or geographic name as entry element Bird watching
General subdivision Juvenile literature.
650 ## - SUBJECT ADDED ENTRY--TOPICAL TERM
Topical term or geographic name as entry element Birds
General subdivision Juvenile literature
Holdings
Withdrawn status Lost status Damaged status Home library Current library Shelving location Date acquired Source of acquisition Total Checkouts Full call number Barcode Date last seen Price effective from Koha item type
      Munich Library Munich Library Main Section 07/02/2010     M 598.07 L94 1992 M6322 04/14/2014 04/14/2014 Books

Operation birdwatch :

APA

Loves J., . (1992). Operation birdwatch. Australia: Collins Dove.

Chicago

Loves June, . 1992. Operation birdwatch. Australia: Collins Dove.

Harvard

Loves J., . (1992). Operation birdwatch. Australia: Collins Dove.

MLA

Loves June, . Operation birdwatch. Australia: Collins Dove. 1992.

  • Place hold
  • Print
  • Cite
  • Add to your cart (remove)
  • Save record
    BIBTEX Dublin Core MARCXML MARC (non-Unicode/MARC-8) MARC (Unicode/UTF-8) MARC (Unicode/UTF-8, Standard) MODS (XML) RIS
  • More searches
    Search for this title in:
    Other Libraries (WorldCat) Other Databases (Google Scholar) Online Stores (Bookfinder.com) Open Library (openlibrary.org)

Exporting to Dublin Core...

SOUTHVILLE LIBRARY

Southville International School and Colleges Library

1281 Tropical Ave. Cor. Luxembourg St., BF Homes International, Las Pinas City

Tel. No. 8256374 / 252358 Loc. 117/146

Powered by Koha